<?xml version="1.0" encoding="UTF-8"?>
<record
    xmlns:xsi="http://www.w3.org/2001/XMLSchema-instance"
    xsi:schemaLocation="http://www.loc.gov/MARC21/slim http://www.loc.gov/standards/marcxml/schema/MARC21slim.xsd"
    xmlns="http://www.loc.gov/MARC21/slim">

  <leader>00712nam a22001937a 4500</leader>
  <datafield tag="999" ind1=" " ind2=" ">
    <subfield code="c">172804</subfield>
    <subfield code="d">172804</subfield>
  </datafield>
  <controlfield tag="005">20200213113149.0</controlfield>
  <datafield tag="010" ind1=" " ind2=" ">
    <subfield code="a">B-133807</subfield>
  </datafield>
  <datafield tag="020" ind1=" " ind2=" ">
    <subfield code="c">75.00</subfield>
    <subfield code="a">8123738501</subfield>
  </datafield>
  <datafield tag="035" ind1=" " ind2=" ">
    <subfield code="a">B-133807</subfield>
  </datafield>
  <datafield tag="037" ind1=" " ind2=" ">
    <subfield code="b">BPPD</subfield>
  </datafield>
  <datafield tag="082" ind1=" " ind2=" ">
    <subfield code="a">370.1</subfield>
  </datafield>
  <datafield tag="100" ind1=" " ind2=" ">
    <subfield code="a">&#x645;&#x631; &#x62A;&#x628;&#x6C1;:&#x688; &#x64A;&#x644;-&#x627; &#x64A;&#x645;-&#x628;&#x64A;&#x62A;&#x6BE;&#x64A;&#x644;</subfield>
  </datafield>
  <datafield tag="245" ind1=" " ind2=" ">
    <subfield code="a">&#x62A;&#x639;&#x644;&#x64A;&#x645; &#x628;&#x631; &#x627; &#x6D3; &#x62A;&#x62E;&#x644;&#x64A;&#x642;&#x6CC; &#x632; &#x646;&#x62F; &#x6AF;&#x6CC; </subfield>
    <subfield code="c">&#x645;&#x631; &#x62A;&#x628;&#x6C1;:&#x688; &#x64A;&#x644;-&#x627; &#x64A;&#x645;-&#x628;&#x64A;&#x62A;&#x6BE;&#x64A;&#x644;</subfield>
  </datafield>
  <datafield tag="246" ind1=" " ind2=" ">
    <subfield code="a">Education For Creative Living:Ideas and Proposalsof TsunesaburoMakiguchi</subfield>
    <subfield code="b">Edited by Deal.M. Betheel</subfield>
  </datafield>
  <datafield tag="260" ind1=" " ind2=" ">
    <subfield code="a">Delhi</subfield>
    <subfield code="b">National Book Trust,India </subfield>
    <subfield code="c">2002</subfield>
  </datafield>
  <datafield tag="270" ind1=" " ind2=" ">
    <subfield code="a">A-5, Green Park,</subfield>
    <subfield code="b">N.Delhi</subfield>
    <subfield code="e">110016</subfield>
    <subfield code="k">-</subfield>
    <subfield code="l">-</subfield>
    <subfield code="m">-</subfield>
  </datafield>
  <datafield tag="300" ind1=" " ind2=" ">
    <subfield code="a">288 &#x635;</subfield>
    <subfield code="c">21 Cm.(P.b)     </subfield>
  </datafield>
  <datafield tag="942" ind1=" " ind2=" ">
    <subfield code="2">ddc</subfield>
    <subfield code="c">UR</subfield>
    <subfield code="h">370.1</subfield>
    <subfield code="m">&#x628; &#x648; &#x631; </subfield>
  </datafield>
  <datafield tag="952" ind1=" " ind2=" ">
    <subfield code="0">0</subfield>
    <subfield code="1">0</subfield>
    <subfield code="4">0</subfield>
    <subfield code="7">0</subfield>
    <subfield code="8">NFIC</subfield>
    <subfield code="a">L</subfield>
    <subfield code="b">L</subfield>
    <subfield code="d">2020-02-13</subfield>
    <subfield code="e">BPPD/Ven.</subfield>
    <subfield code="g">75.00</subfield>
    <subfield code="l">0</subfield>
    <subfield code="o">370.1 &#x628; &#x648; &#x631;</subfield>
    <subfield code="p">B-133807</subfield>
    <subfield code="r">2020-02-13 00:00:00</subfield>
    <subfield code="t">1</subfield>
    <subfield code="v">75.00</subfield>
    <subfield code="w">2020-02-13</subfield>
    <subfield code="y">UR</subfield>
  </datafield>
</record>
